000 00361nam a2200145 i 4500
001 bg
100 1 _aBOBESZKO, Andrzej
245 0 _aOptymalizacja szeregów parametrycznych wyrobów /
_cAndrzej Bobeszko.
260 _aWarszawa,
_c1976.
040 _cBPK
041 _apol
080 _a621:65.01
942 _cKS
008 s pl f |000 0 pol
999 _c27450
_d27450
856 _uhttp://koha.tu.koszalin.pl/cgi-bin/koha/opac-detail.pl?biblionumber=27450
_yKatalog online BPK